| 000 | 00698npc a2200217Ia 4500 | ||
|---|---|---|---|
| 001 | dp5/3-299 [d000000196] | ||
| 003 | IT-MiCISF | ||
| 008 | 161014s9999||||xx | und|| | ||
| 040 |
_aIT-MiCISF _cIT-MiCISF |
||
| 041 | _ait | ||
| 100 | _aMotti Germano | ||
| 245 | 0 |
_aSilenzio, preghiera e positività _bTestimonianze nella vita quotidiana di un laico con moglie e cinque figli |
|
| 250 | _a1a ed. | ||
| 260 |
_a Leumann (TO) _bElle Di Ci _c1989 |
||
| 300 | _ap. 79 | ||
| 500 | _a / pastorale-familiare, vita-familiare, qualità -della-vita, cristianesimo, modello-famiglia / | ||
| 650 | _apastorale-familiare | ||
| 700 | _aBaracco Lino | ||
| 942 | _cDD | ||
| 957 | _71 | ||
| 999 |
_a299 _bsi _g1 _c206480 _d206480 |
||